Birds of a feather /

Seek out the forty-plus birds hiding among the flaps and pages of this book.

Bibliographic Details
Main Author: Pittau, Francisco (Illustrator)
Other Authors: Gervais, Bernadette (Illustrator)
Format: Book
Language:English
Published: San Francisco : Chronicle Books, 2012.
Subjects:

MARC

Tag First Indicator Second Indicator Subfields
LEADER 00000cam a2200000 a 4500
001 in00002811484
005 20151203083931.0
008 120306s2012 caua b 000 0 eng
010 |a  2012004256 
020 |a 9781452110660 (hbk.) 
020 |a 1452110662 (hbk.) 
035 |a (OCoLC)ocn779606902 
040 |a DLC  |c DLC  |d UtOrBLW 
041 1 |a eng  |h fre 
049 |a TXAM 
050 0 0 |a QL676.2  |b .P57 2012 
082 0 0 |a 598  |2 23 
100 1 |a Pittau, Francisco. 
240 1 0 |a Oxiseau.  |l English 
245 1 0 |a Birds of a feather /  |c Pittau & Gervais. 
264 1 |a San Francisco :  |b Chronicle Books,  |c 2012. 
300 |a 1 volume (unpaged) :  |b illustrations (chiefly color) ;  |c 40 cm. 
336 |a text  |b txt  |2 rdacontent 
337 |a unmediated  |b n  |2 rdamedia 
338 |a volume  |b nc  |2 rdacarrier 
500 |a "Originally published in France in 2010 by Éditions des Grandes Personnes [Paris], under the title Oxiseau"--Title page verso. 
500 |a Cover title. 
520 |a Seek out the forty-plus birds hiding among the flaps and pages of this book. 
650 0 |a Birds  |v Juvenile literature. 
650 0 |a Lift-the-flap books  |v Specimens. 
650 0 |a Toy and movable books  |v Specimens. 
650 1 |a Birds. 
650 1 |a Lift-the-flap books. 
650 1 |a Toy and movable books. 
700 1 |a Pittau, Francisco,  |e illustrator. 
700 1 |a Gervais, Bernadette,  |e illustrator. 
945 |a PromptCat  |b 203630 
946 |a curr 
947 |a A14835924414 
948 |a cataloged  |b h  |c 2013/2/22  |d c  |e dmitchel  |f 2:10:20 pm 
994 |a 92  |b TXA 
999 |a MARS 
999 f f |s e4faebfe-2ca6-3cc0-8f7f-cb834c35fd83  |i 86d855c9-0663-37a7-93ed-601f335c37a4  |t 0 
952 f f |p normal  |a Texas A&M University  |b College Station  |c Sterling C. Evans Library  |s Evans curr  |d Evans: Curriculum Collection (4th floor)  |t 0  |e QL676.2 .P57 2012  |f Oversize  |h Library of Congress classification  |i unmediated -- volume  |m A14835924414 
998 f f |a QL676.2 .P57 2012  |t 0  |l Evans: Curriculum Collection (4th floor)